Geografía de la argentina /
Guardado en:
| Autor Principal: | |
|---|---|
| Formato: | Libro |
| Publicado: |
Buenos Aires :
Kapelusz,
2016
|
| Series: | Contextos digitales
|
| Materias: | |
| Etiquetas: |
Agregar Etiqueta
Sin Etiquetas, Sea el primero en etiquetar este registro!
|
| LEADER | 01189nam a22002055a 4500 | ||
|---|---|---|---|
| 001 | CEM.cems014696 | ||
| 008 | 130507s2016##################000#0#####d | ||
| 005 | 20241220112000.0 | ||
| 245 | 1 | 0 | |a Geografía de la argentina / |c Laura Dalterio ... y Otros |
| 260 | |a Buenos Aires : |b Kapelusz, |c 2016 | ||
| 300 | |a 256 p. | ||
| 490 | 0 | |a Contextos digitales | |
| 505 | 0 | |a La organización territorial y política de la Argentina -- La Argentina y sus bases naturales -- El uso de los recursos naturales en la Argentina -- Los problemas ambientales de la Argentina -- La población de la Argentina -- El trabajo y la calidad de vida en la Argentina -- Los espacios urbanos y rurales en la Argentina -- Las etapas del desarrollo económico argentino -- El sector primario en la economía Argentina -- El sector secundario en la economía Argentina -- El sector terciario en la economía argentina -- Las principales actividades económicas del país, provincia por provincia | |
| 020 | |a 9789501399141 | ||
| 100 | 1 | |a Dalterio, Laura | |
| 082 | 0 | 4 | |a 918.2 |
| 653 | |a Geografía | ||
| 653 | |a Geografía argentina | ||
| 653 | |a Libros de texto | ||
| 859 | |a CEMS |b BIB. CEMS - 11 de abril |h 918.2 |i D17-1 |p 28350.19 |t Ej.2 | ||
